| 000 | 01374nam a22002057a 4500 | ||
|---|---|---|---|
| 003 | IT-MiCISF | ||
| 005 | 20250929121822.0 | ||
| 008 | 250929b |||||||| |||| 00| 0 eng d | ||
| 020 | _a9788892246324 | ||
| 040 | _cIT-MiCISF | ||
| 100 |
_aMensuali Riccardo _959011 |
||
| 245 |
_aPieno di grazia. _bLa sfida cristiana per il maschio del nostro tempo |
||
| 260 |
_aCinisello B. (MI), _bSan Paolo, _c2025 |
||
| 300 | _app. 192 | ||
| 500 | _auomo, identità-maschile, valori, fede, cambiamento | ||
| 520 | _aDepresso, pavido, violento, prevaricatore: l’immagine del maschile ha assunto, nelle narrazioni e nell’immaginario contemporaneo, tratti estremi, difficili da superare. E la tentazione che viviamo ai giorni nostri, anche di fronte alla violenza perpetrata dagli uomini nei confronti delle donne, sembra quella di voler neutralizzare il maschile per renderlo inoffensivo. Ma siamo sicuri che possa funzionare? Non stiamo forse vivendo una pars destruens che rischia di non lasciare più nulla da ricostruire, di azzerare senza proporre alternative? Riccardo Mensuali affronta un tema delicatissimo e non più rimandabile: ripensare il maschile per il benessere della società e delle relazioni. Una sfida cristiana che vale la pena di raccogliere e affrontare in tutta la sua complessità. | ||
| 650 |
_aUomo _956127 |
||
| 654 | _asaggio | ||
| 942 |
_2ddc _cBK |
||
| 999 |
_c360634 _d360634 |
||